000 00311nam a22001337a 4500
008 181102b xxu||||| |||| 00| 0 eng d
020 _a0815156480
041 _aeng
080 _a612.39
100 _a10
101 _aNUT
245 _aClinical Nutrition A Physiologic Approach
_cOverton,M
942 _2udc
_cBK
999 _c51679
_d51679